000 00995nam0a22002651 4500
001 rc\4332727
005 20260406170550.0
021 _aRU
_b[57-7604]
035 _a(NLR Aleph) 008518825
090 _a8215409
_c8215409
100 _a20130416d1957 |||y0rusy50 ca
101 0 _arus
102 _aRU
105 _aab z |||c|
200 1 _aГрузинская ССР
_eКраткий ист.-экон. очерк
_fПод ред. проф. П.В. Гугушвили
_gАкад. наук Груз. ССР. Ин-т экономики
210 _aМосква
_cГосполитиздат
_d1957
215 _a159 с., 1 л. карт.
_cил.
_d20
607 _aГрузинская ССР
_2psbo
702 1 _aГугушвили
_bП.В.
_gПаата Виссарионович
_4340
712 0 2 _aИнститут экономики
_cТбилиси
_3RU\NLR\AUTH\889937901
_9370613
801 0 _aRU
_bNLR
_gpsbo
801 1 _aRU
_bELAR
_2rusmarc
852 _aNLR
_j57-3/801
942 _cBOOK
980 _aNB